[Event "Challenge"]
[Site "http://www.queenalice.com/game.php?id=941975"]
[Date "2011.5.24"]
[Round "-"]
[White "boxchov"]
[Black "joseluisgrilo"]
[Result "0-1"]
[WhiteElo "1574"]
[BlackElo "1810"]

1. e4 e5 2. Nf3 Nc6 3. c4 Bc5 4. g3 Nf6 5. Nc3 a6 6. Nd5 Nxe4 7. d4 Nxd4 8. Nxe5
d6 9. Nd3 c6 10. Ne3 Qf6 11. Ng4 Qf5 12. Be3 Nf3+ 13. Ke2 Qxg4 14. h3 Nd4+ 15.
Ke1 Qxd1+ 16. Rxd1 Nc2+ 17. Ke2 Bxe3 18. fxe3 Nxg3+ 19. Kd2 Nxh1 20. Kxc2 O-O
21. Bg2 Ng3 22. Nf4 Bf5+ 23. Kb3 a5 24. Rxd6 g6 25. e4 Bxe4 26. Bxe4 Nxe4 27.
Rd7 Nc5+ 28. Kc3 Nxd7 29. a4 Rae8 30. b4 b6 31. b5 c5 32. Nd5 f5 33. Nc7 Re3+
34. Kd2 Rxh3 35. Ne6 Re8 36. Ng5 Ra3 37. Kc2 Re2+ 38. Kd1 Rg2 39. Kc1 Ra1# 0-1

[Event "Challenge"]
[Site "http://www.queenalice.com/game.php?id=941976"]
[Date "2011.5.24"]
[Round "-"]
[White "joseluisgrilo"]
[Black "boxchov"]
[Result "1-0"]
[WhiteElo "1803"]
[BlackElo "1584"]

1. e4 e5 2. Nf3 Nc6 3. a3 g6 4. Bb5 a6 5. Bxc6 bxc6 6. Nxe5 Nh6 7. Nc3 Bg7 8. d4
O-O 9. Bxh6 Bxh6 10. Nf3 d6 11. h3 Rb8 12. Rb1 d5 13. e5 Bf5 14. O-O Bf4 15. Ne2
Bh6 16. b4 Be4 17. Nc3 Bxf3 18. Qxf3 f6 19. exf6 Rxf6 20. Qe2 Qd7 21. Kh1 Re8
22. Qg4 Qxg4 23. hxg4 Rf4 24. f3 Rxd4 25. Rbd1 Bd2 26. Nb1 Re2 27. c3 Rd3 28.
Nxd2 Rdxd2 29. Rde1 Rxg2 30. Re8+ Kg7 31. Rfe1 Rh2+ 32. Kg1 Ra2 33. R8e7+ Kh6
34. R1e5 g5 35. R5e6# 1-0

[Event "Challenge"]
[Site "http://www.queenalice.com/game.php?id=942965"]
[Date "2011.5.27"]
[Round "-"]
[White "boxchov"]
[Black "piemme"]
[Result "1-0"]
[WhiteElo "1554"]
[BlackElo "1747"]

1. e4 e5 2. Nf3 d6 3. d3 Nf6 4. Nc3 c5 5. Bg5 Be7 6. g3 b6 7. Bg2 O-O 8. O-O h6
9. Bd2 Ba6 10. Nd5 Nc6 11. c4 Bc8 12. Nxf6+ Bxf6 13. Qa4 Bd7 14. Qd1 Bg4 15. Qa4
Nd4 16. Nxd4 cxd4 17. Bb4 Be2 18. Rfe1 Bxd3 19. Qc6 Be7 20. Rad1 Bc2 21. Rd2 Rc8
22. Qb7 Bg5 23. Rxc2 a5 24. Ba3 Rb8 25. Qd5 Be7 26. Rd2 Bg5 27. Rd3 Be7 28. b4
Qc7 29. bxa5 bxa5 30. Bc1 Rb1 31. Bd2 Rb2 32. Bxa5 Qa7 33. Bf3 Rxa2 34. Bb4 Ra1
35. Rxa1 Qxa1+ 36. Rd1 Qa6 37. c5 dxc5 38. Bxc5 Rd8 39. Qxe5 Bxc5 40. Qxc5 Qf6
41. e5 Qe6 42. Rxd4 Rc8 43. Be4 g6 44. Qd5 Qh3 45. Bxg6 Rc1+ 46. Rd1 Rxd1+ 47.
Qxd1 fxg6 48. Qd8+ Kh7 49. Qe7+ Kh8 50. Qf7 Qg4 51. e6 Qd1+ 52. Kg2 Qd5+ 53. f3
Qd2+ 54. Kh3 Qg5 55. e7 Qf5+ 56. Qxf5 gxf5 57. e8=Q+ Kh7 58. Qe5 Kg6 59. Kh4 h5
60. Qe6+ Kg7 61. Kxh5 Kh7 62. Qg6+ Kh8 63. Kh6 f4 64. Qg7# 1-0

[Event "Invitation"]
[Site "http://www.queenalice.com/game.php?id=944435"]
[Date "2011.5.30"]
[Round "-"]
[White "los6enanitos"]
[Black "boxchov"]
[Result "1-0"]
[WhiteElo "1507"]
[BlackElo "1612"]

1. d4 d5 2. c4 e6 3. c5 Nc6 4. e3 g6 5. g4 Nf6 6. h3 Ne4 7. Nf3 Qf6 8. Bd3 Bg7
9. a3 Ng5 10. Nc3 Nxf3+ 11. Kf1 O-O 12. Be2 Ng5 13. f4 e5 14. Nxd5 Qd8 15. dxe5
Qxd5 16. Qxd5 Rd8 17. Qxd8+ Nxd8 18. fxg5 Ne6 19. b4 Bxe5 20. Ra2 Nxg5 21. Bb2
Be6 22. Bxe5 Bxa2 23. Bxc7 Re8 24. Bf4 Ne6 25. Bf3 Nxf4 26. exf4 Re3 27. Bxb7
Rxa3 28. Rh2 Bc4+ 29. Kf2 Rb3 30. Bf3 Rxb4 31. Rg2 Kh8 32. Kg3 a5 33. c6 Be6 34.
c7 a4 35. Rc2 a3 36. c8=Q+ Bxc8 37. Rxc8+ Kg7 38. Ra8 Rb3 39. Ra7 h5 40. h4 Kh6
41. Rxf7 a2 42. g5# 1-0

[Event "Challenge"]
[Site "http://www.queenalice.com/game.php?id=944681"]
[Date "2011.5.31"]
[Round "-"]
[White "boxchov"]
[Black "sioux"]
[Result "1-0"]
[WhiteElo "1534"]
[BlackElo "1635"]

1. e4 e5 2. Nf3 d6 3. d3 Nf6 4. Nc3 c5 5. b3 Be7 6. Be2 b5 7. Nxb5 a6 8. Nc3 O-O
9. O-O Qd7 10. Bg5 Bd8 11. Nd5 Nxd5 12. exd5 Bxg5 13. Nxg5 h6 14. Ne4 Bb7 15.
Bg4 Qe7 16. c4 f5 17. Bh5 fxe4 18. dxe4 Nd7 19. Qg4 Nf6 20. Qg6 Nxh5 21. Qxh5
Rf4 22. Rae1 Rh4 23. Qf5 Bc8 24. Qg6 a5 25. Re3 a4 26. g3 Rg4 27. Qh5 axb3 28.
axb3 Ra3 29. h3 Rg5 30. Qh4 Bd7 31. f4 exf4 32. Ref3 fxg3 33. Rxg3 Rxg3+ 34.
Qxg3 g5 35. Qc3 Qxe4 36. Qf6 Qd4+ 37. Kh1 Qxf6 38. Rxf6 Bxh3 39. Rxd6 Rxb3 40.
Rxh6 Kg7 41. Rc6 Rb1+ 42. Kh2 Bf1 43. Rxc5 Rc1 44. d6 Rxc4 45. Rxc4 Bxc4 46. d7
Bb5 47. d8=Q Kg6 48. Qb6+ Kh5 49. Qxb5 Kh4 50. Qb3 g4 51. Qd3 g3+ 52. Qxg3+ Kh5
53. Kh3 Kh6 54. Kg4 Kh7 55. Kg5 Kg7 56. Qe5+ Kf7 57. Qf6+ Ke8 58. Qd6 Kf7 59.
Qf6+ Ke8 60. Qd6 Kf7 61. Kf5 Kg8 62. Kg6 Kh8 63. Qf8# 1-0

[Event "Challenge"]
[Site "http://www.queenalice.com/game.php?id=946986"]
[Date "2011.6.7"]
[Round "-"]
[White "sunking"]
[Black "boxchov"]
[Result "1-0"]
[WhiteElo "1636"]
[BlackElo "1570"]

1. e3 e5 2. d4 e4 3. d5 Nf6 4. c4 d6 5. Nc3 Bg4 6. f3 exf3 7. gxf3 Bh5 8. Nh3
Be7 9. Nf4 O-O 10. Bg2 Na6 11. Ne4 Nxe4 12. Nxh5 Bh4+ 13. Ke2 Nf2 14. Qe1 Nxh1
15. Qxh1 Qe7 16. e4 Rae8 17. h3 g6 18. Nf4 Nc5 19. Be3 Na4 20. Qd1 Nxb2 21. Qd2
Nxc4 22. Qd3 Ne5 23. Qd4 c5 24. Qc3 b5 25. a3 Qb7 26. Rb1 Bf6 27. Kf2 Nxf3 28.
Bxf3 Bxc3 29. a4 b4 30. Rb3 Qa6 31. Be2 Qxa4 32. Rb1 1-0

[Event "Challenge"]
[Site "http://www.queenalice.com/game.php?id=948598"]
[Date "2011.6.11"]
[Round "-"]
[White "boxchov"]
[Black "jbumgarjr"]
[Result "1-0"]
[WhiteElo "1546"]
[BlackElo "1669"]

1. e4 e5 2. Nf3 Nc6 3. d3 Bc5 4. a3 h6 5. Be2 Nf6 6. b4 Bb6 7. b5 Ne7 8. Nxe5 d6
9. Nf3 O-O 10. d4 Nxe4 11. Bd3 d5 12. Nc3 Nxc3 13. Qd2 Ne4 14. Qe2 Nf5 15. O-O
Re8 16. Ne5 Nxd4 17. Qh5 Qd6 18. Qxf7+ Kh7 19. Qxe8 Qf6 20. f3 Nxc2+ 21. Kh1
Nxa1 22. fxe4 Qd6 23. exd5+ g6 24. Bxg6+ 1-0

[Event "Challenge"]
[Site "http://www.queenalice.com/game.php?id=948809"]
[Date "2011.6.11"]
[Round "-"]
[White "los6enanitos"]
[Black "boxchov"]
[Result "1-0"]
[WhiteElo "1537"]
[BlackElo "1566"]

1. e4 e5 2. Nf3 d6 3. d3 Be7 4. Be3 Nf6 5. Nc3 Nc6 6. d4 Bg4 7. h3 Bxf3 8. gxf3
exd4 9. Bxd4 Nxd4 10. Qxd4 b6 11. O-O-O c5 12. Bb5+ Nd7 13. Bxd7+ Qxd7 14. Qxg7
O-O-O 15. Nd5 Rhg8 16. Qxh7 Rg2 17. e5 Rxf2 18. Qxf7 Qa4 19. Nxe7+ Kd7 20. Rxd6+
Kc7 21. Nd5+ Kc8 22. Qc7# 1-0

[Event "Challenge"]
[Site "http://www.queenalice.com/game.php?id=949367"]
[Date "2011.6.13"]
[Round "-"]
[White "sunking"]
[Black "boxchov"]
[Result "0-1"]
[WhiteElo "1664"]
[BlackElo "1554"]

1. d4 d5 2. Bf4 e6 3. Nf3 Nf6 4. Bg5 Be7 5. Bxf6 Bxf6 6. Nc3 Nc6 7. e3 O-O 8.
Bd3 e5 9. dxe5 Nxe5 10. Nxe5 Bxe5 11. Nb5 Bxb2 12. Rb1 Qf6 13. Nxc7 Bc3+ 14. Ke2
Rb8 15. Nxd5 Qe6 16. Nxc3 b6 17. Re1 Qg4+ 18. Kd2 Qxg2 19. Re2 Bg4 20. Ne4 Bxe2
21. Qxe2 Rbd8 22. Rb3 Qxe4 23. f3 Qa4 24. a3 b5 25. Rc3 b4 26. axb4 Qxb4 27. e4
Rc8 28. Bc4 Rfd8+ 29. Bd3 Qxc3+ 30. Ke3 Rc4 31. Kf2 Rcd4 32. Qe3 h6 33. Ke2 Rxd3
34. cxd3 Qc2+ 35. Qd2 Qxd2+ 36. Kxd2 a5 37. Ke3 a4 38. d4 a3 39. d5 a2 40. Kd4
a1=Q+ 41. Kc5 Qd1 42. f4 Rc8+ 43. Kd6 Qd4 44. e5 Rd8+ 45. Kc6 Qc4+ 46. Kb6 Rb8+
47. Ka7 Qb4 48. d6 Qb7# 0-1

[Event "Challenge"]
[Site "http://www.queenalice.com/game.php?id=951421"]
[Date "2011.6.18"]
[Round "-"]
[White "los6enanitos"]
[Black "boxchov"]
[Result "1-0"]
[WhiteElo "1597"]
[BlackElo "1566"]

1. b3 e5 2. e4 Nf6 3. f3 d5 4. Bd3 d4 5. g4 Be7 6. c3 dxc3 7. dxc3 O-O 8. c4 c5
9. Be3 Nc6 10. Nc3 b6 11. g5 Nb4 12. Ke2 Nxd3 13. Qxd3 Qxd3+ 14. Kxd3 Nh5 15.
Nd5 Bd6 16. Rd1 Ba6 17. Ne2 Rae8 18. f4 exf4 19. Nexf4 Nxf4+ 20. Bxf4 Bxf4 21.
Nxf4 g6 22. Nd5 Rd8 23. Ke3 Kg7 24. h4 b5 25. Nc7 Rxd1 26. Rxd1 Bc8 27. Nxb5 a6
28. Nc3 Bg4 29. Rd5 Rc8 30. Na4 Be6 31. Rxc5 a5 32. Rxc8 Bxc8 33. c5 Bd7 34. Nb6
Bg4 35. c6 a4 36. bxa4 h6 37. c7 hxg5 38. hxg5 f6 39. gxf6+ Kxf6 40. c8=Q Bxc8
41. Nxc8 g5 42. a5 g4 43. Kf2 Kg5 44. Kg3 Kh5 45. a6 Kg5 46. a7 Kh5 47. a8=Q Kg5
48. Qd5+ Kg6 49. Kxg4 Kf6 50. Qf5+ Kg7 51. Kg5 Kg8 52. Kg6 Kh8 53. Qf8# 1-0

[Event "AUTO-OPEN-2399"]
[Site "http://www.queenalice.com/game.php?id=953920"]
[Date "2011.6.25"]
[Round "1"]
[White "boxchov"]
[Black "Ronsini"]
[Result "0-1"]
[WhiteElo "1570"]
[BlackElo "2041"]

1. e4 e6 2. e5 d5 3. d4 c5 4. Nf3 Nc6 5. c3 Qb6 6. Be2 Nge7 7. O-O Nf5 8. Bd3
cxd4 9. cxd4 Ncxd4 10. Nxd4 Qxd4 11. Bxf5 Qxd1 12. Rxd1 exf5 13. Rxd5 Be6 14.
Rb5 Rc8 15. Nc3 b6 16. Bf4 Bc4 17. Rb4 Bxb4 18. Na4 O-O 19. b3 Bb5 20. a3 Bxa4
21. bxa4 Bc5 22. Rc1 Bxa3 23. Rxc8 Rxc8 24. h3 Bc1 25. Bxc1 Rxc1+ 26. Kh2 Ra1
27. f3 Rxa4 28. Kg3 Rd4 29. f4 a5 30. Kf3 Re4 31. g4 g6 32. gxf5 gxf5 33. h4 a4
34. h5 a3 35. h6 a2 36. e6 fxe6 37. Kg3 a1=Q 38. Kh4 Rxf4+ 39. Kg5 Rg4+ 40. Kh5
Qh1# 0-1

[Event "AUTO-OPEN-2399"]
[Site "http://www.queenalice.com/game.php?id=953921"]
[Date "2011.6.25"]
[Round "1"]
[White "Ronsini"]
[Black "boxchov"]
[Result "1-0"]
[WhiteElo "2069"]
[BlackElo "1556"]

1. e4 e5 2. Nf3 d6 3. Bc4 a6 4. c3 b5 5. Bb3 Nf6 6. Ng5 Be6 7. Bxe6 fxe6 8. Nxe6
Qe7 9. Nxf8 Qxf8 10. Qb3 Nxe4 11. O-O Nd7 12. Qd5 Ndc5 13. Qxa8+ Ke7 14. Qxf8+
Kxf8 15. f4 exf4 16. Rxf4+ Ke7 17. d4 Nd3 18. Rxe4+ Kd7 19. Nd2 Nxc1 20. Rxc1 d5
21. Re5 Kd6 22. Nf3 Rf8 23. Rce1 c5 24. Re6+ Kd7 25. dxc5 Rf4 26. Rxa6 Rf6 27.
Rxf6 gxf6 28. b4 Kc6 29. Re6+ Kd7 30. Rxf6 Ke7 31. Rh6 Kf7 32. Rxh7+ Kg6 33. Rb7
Kf5 34. Rxb5 Ke4 35. c6 Kd3 36. Rxd5+ Kxc3 37. c7 Kxb4 38. c8=Q Ka3 39. Rb5 Kxa2
40. Qa8# 1-0

[Event "AUTO-OPEN-2399"]
[Site "http://www.queenalice.com/game.php?id=953922"]
[Date "2011.6.25"]
[Round "1"]
[White "boxchov"]
[Black "karlusvr"]
[Result "0-1"]
[WhiteElo "1555"]
[BlackElo "1665"]

1. e4 e5 2. Nf3 Nc6 3. Bc4 Bc5 4. Ng5 Qxg5 5. d4 Qxg2 6. Qh5 Qxh1+ 7. Ke2 Qxe4+
8. Be3 g6 9. Qf3 Nxd4+ 10. Kf1 Qxf3 11. Be2 Qh1# 0-1

[Event "AUTO-OPEN-2399"]
[Site "http://www.queenalice.com/game.php?id=953923"]
[Date "2011.6.25"]
[Round "1"]
[White "karlusvr"]
[Black "boxchov"]
[Result "1-0"]
[WhiteElo "1711"]
[BlackElo "1543"]

1. e4 e5 2. Nf3 d6 3. d4 exd4 4. Nxd4 c5 5. Bb5+ Bd7 6. Bxd7+ Qxd7 7. Nf5 Nf6 8.
Nc3 g6 9. Ne3 Bg7 10. Nc4 O-O 11. Qxd6 Qg4 12. Qg3 Qxg3 13. hxg3 Nc6 14. Bg5 Nb4
15. O-O-O Rae8 16. a3 Nxe4 17. Nxe4 Rxe4 18. Nd6 Re2 19. axb4 cxb4 20. Be3 Rc8
21. Nxc8 a5 22. Rd8+ Bf8 23. Bc5 b6 24. Bxf8 Rxf2 25. Bh6# 1-0

[Event "AUTO-OPEN-2399"]
[Site "http://www.queenalice.com/game.php?id=953924"]
[Date "2011.6.25"]
[Round "1"]
[White "boxchov"]
[Black "Ventura_2113"]
[Result "0-1"]
[WhiteElo "1574"]
[BlackElo "1950"]

1. e4 e6 2. e5 d5 3. d4 c5 4. Nf3 Nc6 5. Nc3 Qb6 6. Bb5 Bd7 7. O-O cxd4 8. Bxc6
bxc6 9. Nxd4 c5 10. Nf3 h5 11. Ng5 Be7 12. Nxd5 exd5 13. Qxd5 Bxg5 14. Qxa8+ Qd8
15. Qxa7 Bxc1 16. Raxc1 Qc8 17. Rcd1 Ne7 18. Rfe1 Be6 19. Qa4+ Qc6 20. Qa5 O-O
21. Rd8 Ng6 22. Rxf8+ Nxf8 23. Rd1 Kh7 24. Rd8 Ng6 25. Rd6 Qe4 26. Rc6 Qxc2 27.
Rxc5 Qd1+ 28. Qe1 Qxe1# 0-1

[Event "AUTO-OPEN-2399"]
[Site "http://www.queenalice.com/game.php?id=953925"]
[Date "2011.6.25"]
[Round "1"]
[White "Ventura_2113"]
[Black "boxchov"]
[Result "1-0"]
[WhiteElo "1948"]
[BlackElo "1572"]

1. d4 d5 2. c4 Nc6 3. Nf3 Nf6 4. e3 Bf5 5. Nc3 Nb4 6. Qa4+ Nc6 7. Ne5 g6 8. cxd5
Nxd5 9. Nxc6 bxc6 10. Qxc6+ Bd7 11. Qxd5 Be6 12. Bb5+ Bd7 13. Bxd7+ Qxd7 14.
Qxa8+ Qd8 15. Qxa7 Bg7 16. Bd2 c6 17. Ne4 O-O 18. O-O Qd5 19. Qxe7 Qf5 20. Ng3
Qc2 21. Bc3 Qd3 22. a4 h5 23. Rfd1 Qa6 24. Bb4 Qa8 25. Ne4 Re8 26. Nf6+ Bxf6 27.
Qxf6 Re4 28. Bc3 Re6 29. Qg5 Re4 30. d5 Rg4 31. Qf6 Qf8 32. Qh8# 1-0

[Event "Challenge"]
[Site "http://www.queenalice.com/game.php?id=955550"]
[Date "2011.6.30"]
[Round "-"]
[White "Netuno"]
[Black "boxchov"]
[Result "1-0"]
[WhiteElo "1676"]
[BlackElo "1578"]

1. e4 e5 2. Nf3 d6 3. d4 exd4 4. Nxd4 Nf6 5. Bg5 g6 6. Bc4 Bg7 7. Nc3 O-O 8. h3
Qe8 9. Bxf6 Bxf6 10. Qd3 c5 11. Ndb5 Bd8 12. Nxd6 Qd7 13. Nxc8 Qxc8 14. O-O-O
Bg5+ 15. Kb1 Nc6 16. Qd7 Ne5 17. Qxc8 Raxc8 18. Bd5 Bh4 19. f4 Nc6 20. Bxc6 Rxc6
21. Rd7 Rd8 22. Rxd8+ Bxd8 23. Rd1 Ba5 24. Nd5 Re6 25. e5 Kg7 26. c3 b5 27. Nf6
b4 28. cxb4 Bxb4 29. a3 Ba5 30. Nd7 c4 31. Nc5 Rb6 32. Na4 Rb5 33. Kc2 Rb3 34.
Rd4 Rg3 35. Rxc4 Rxg2+ 36. Kb1 Bd2 37. Nc3 Rh2 38. Rd4 Be3 39. Re4 Bd2 40. Re2
Rh1+ 41. Kc2 Bxf4 42. Nd5 Bg3 43. Re3 Bf2 44. Re2 Bd4 45. Nf4 a5 46. e6 g5 47.
e7 gxf4 48. e8=Q f3 49. Re4 Bf6 50. Rg4+ Kh6 51. Qf8+ Kh5 52. Qxf7+ Kh6 53.
Qxf6+ Kh5 54. Qg5# 1-0

[Event "Challenge"]
[Site "http://www.queenalice.com/game.php?id=957768"]
[Date "2011.7.7"]
[Round "-"]
[White "Netuno"]
[Black "boxchov"]
[Result "1-0"]
[WhiteElo "1664"]
[BlackElo "1568"]

1. e4 e5 2. Nf3 d6 3. d4 exd4 4. Nxd4 g6 5. Nc3 Bg7 6. Qd3 Nf6 7. Bg5 O-O 8.
O-O-O Qe8 9. Ndb5 Qd7 10. Bxf6 Bxf6 11. Nd5 c6 12. Nxf6+ Kg7 13. Nxd7 Bxd7 14.
Nc7 Bg4 15. f3 Na6 16. Nxa8 Be6 17. Qd4+ f6 18. Bxa6 bxa6 19. Nc7 Bxa2 20. b3
Rc8 21. Qxd6 Rd8 22. Ne6+ Kf7 23. Nxd8+ Kg7 24. Qe7+ Kh6 25. Qf8+ Kh5 26. g4+
Kg5 27. Ne6+ Kh4 28. Qh6# 1-0

[Event "Challenge"]
[Site "http://www.queenalice.com/game.php?id=964769"]
[Date "2011.7.25"]
[Round "-"]
[White "boxchov"]
[Black "AlekinePb"]
[Result "0-1"]
[WhiteElo "1544"]
[BlackElo "1759"]

1. e4 c6 2. d4 d5 3. exd5 cxd5 4. Nc3 Nf6 5. Nf3 Nc6 6. Bg5 Bf5 7. a3 e6 8. Bf4
Bd6 9. Qd2 O-O 10. g3 Ne4 11. Qe3 Bxf4 12. Qxf4 Nxc3 13. Ng5 Ne4 14. Bd3 h6 15.
Nxe4 dxe4 16. Bxe4 Bxe4 17. Qxe4 Nxd4 18. O-O Qf6 19. c3 Nc6 20. Rad1 Rad8 21.
b4 Rxd1 22. Rxd1 Rd8 23. Rxd8+ Qxd8 24. b5 Qd1+ 25. Kg2 Ne7 26. Qxb7 Qd5+ 27.
Qxd5 Nxd5 28. c4 Nc3 29. h3 Kf8 30. a4 Nxa4 31. h4 Ke7 32. b6 axb6 33. f3 Nb2
34. g4 Nxc4 35. Kg3 b5 36. h5 b4 37. f4 b3 38. g5 b2 39. Kg4 b1=Q 40. f5 Qxf5+
41. Kh4 Qxg5+ 42. Kh3 e5 43. Kh2 e4 44. Kh3 e3 0-1

[Event "Challenge"]
[Site "http://www.queenalice.com/game.php?id=969736"]
[Date "2011.8.7"]
[Round "-"]
[White "jeremierov"]
[Black "boxchov"]
[Result "1-0"]
[WhiteElo "1789"]
[BlackElo "1510"]

1. e4 e5 2. c3 Nf6 3. d3 c6 4. Bg5 Be7 5. Nf3 d6 6. Qb3 h6 7. Bxf6 Bxf6 8. d4 d5
9. dxe5 Be7 10. Nbd2 dxe4 11. Nxe4 Be6 12. Qxb7 Nd7 13. Ba6 O-O 14. Rd1 Bg4 15.
e6 fxe6 16. Rxd7 Qe8 17. Rxe7 Qg6 18. Bd3 Rab8 19. Qxc6 Rxb2 20. Ne5 Qh5 21.
Nxg4 Qxg4 22. O-O Rxa2 23. Re8 Qf4 24. Qxe6+ Qf7 25. Rxf8+ Kxf8 26. Qxf7+ Kxf7
27. Bc4+ Kg6 28. Bxa2 a5 29. g4 h5 30. gxh5+ Kxh5 31. c4 Kg6 32. c5 Kf5 33. c6
Kxe4 34. c7 1-0

[Event "Challenge"]
[Site "http://www.queenalice.com/game.php?id=969737"]
[Date "2011.8.7"]
[Round "-"]
[White "boxchov"]
[Black "jeremierov"]
[Result "0-1"]
[WhiteElo "1516"]
[BlackElo "1757"]

1. e4 e5 2. Nf3 Nc6 3. Bb5 d6 4. d4 Bd7 5. d5 Nb4 6. Bxd7+ Qxd7 7. Na3 Nf6 8.
Bg5 Nxe4 9. c3 Na6 10. Qe2 f5 11. O-O h6 12. Be3 c5 13. Nb5 f4 14. Bd2 Nf6 15.
c4 Be7 16. Ba5 b6 17. Bc3 O-O 18. h3 Qf5 19. Nh4 Qh7 20. b3 Ne4 21. Qg4 Nxc3 22.
Nxc3 Nb4 23. Nf5 Rxf5 24. Nb5 h5 25. Qf3 a5 26. Nc7 Raf8 27. Ne6 Re8 28. g4 hxg4
29. hxg4 Qg6 30. Rae1 Nc2 31. Rc1 Nd4 32. Qd1 f3 33. Nxd4 Qxg4+ 0-1